Infrared detectors and emitters, laser devices /

Guardado en:
Autor Corporativo: Telefunken electronic.
Formato: Libro
Idioma:English
Publicado: Germany : Telefunken electronic, 1986.
Materias:
Etiquetas: Agregar Etiqueta
Sin Etiquetas, Sea el primero en etiquetar este registro!
LEADER 00640nam a22001935a 4500
001 EIQ.libpla001255
008 060828s1986####gw#a##########000#0#eng#d
005 20080401124834.0
245 1 0 |a Infrared detectors and emitters, laser devices /  |c Tekefunken electronic. 
260 |a Germany :  |b Telefunken electronic,  |c 1986. 
300 |a 399 p. :  |b il. ;  |c 21 cm. 
500 |a "Data Book". 
650 4 |a Infrarrojos  |x Catálogos. 
650 4 |a Laser  |x Catálogos. 
650 4 |a Laser  |x Catalogs. 
650 4 |a Infrared  |x Catalogs. 
040 |a AR-BbSID  |b spa  |c AR-BbSID 
110 2 |a Telefunken electronic. 
859 |a AR-BbSID  |b BIB. PLAPIQUI  |h 621.381 542  |i T 1  |p 2432